| 000 | 00910nam a22002535a 4500 | ||
|---|---|---|---|
| 008 | 170119s2016 nyua|||frb||| 001 0 eng d | ||
| 020 | _a9781681170374 | ||
| 020 | _a168117037X | ||
| 040 |
_aEG-ScBUE _beng _cEG-ScBUE |
||
| 082 | 0 | 4 |
_222 _a665.5 _bCOR |
| 245 |
_aCorrosion and materials in the oil and gas industries / _cEditor, Sidharth Saini. |
||
| 260 |
_aValley Cottage, New York : _bSCITUS Academics LLC, _c2016. |
||
| 300 |
_a284 p. : _bill. ; _c19 cm. |
||
| 500 | _aIndex : p. 281-284. | ||
| 504 | _aBibliography : p. 274-278. | ||
| 590 | _aWessam | ||
| 650 | 7 |
_2BUEsh _93623 _aCorrosion and anti-corrosives. |
|
| 650 | 7 |
_941774 _aPetroleum industry and trade _xEquipment and supplies _xCorrosion. |
|
| 650 | 7 |
_941775 _aOil fields _xEquipment and supplies _xCorrosion. |
|
| 651 | _2BUEsh | ||
| 653 |
_bENGPET _cJanuary2017 |
||
| 700 | 1 |
_941771 _aSaini, Sidharth. _eeditor |
|
| 942 |
_2ddc _e22 _k665.5 COR |
||
| 999 |
_c23981 _d23953 |
||